ADVISE AND CONSENT (Record no. 369431)

MARC details
000 -LEADER
fixed length control field 00342nam a2200145Ia 4500
008 - FIXED-LENGTH DATA ELEMENTS--GENERAL INFORMATION
fixed length control field 100122s9999 xx 000 0 und d
082 ## - DEWEY DECIMAL CLASSIFICATION NUMBER
Item number 29605
Classification number 823
100 ## - MAIN ENTRY--PERSONAL NAME
Personal name DRURY A
245 ## - TITLE STATEMENT
Title ADVISE AND CONSENT
260 ## - PUBLICATION, DISTRIBUTION, ETC. (IMPRINT)
Name of publisher, distributor, etc POCKET BOOKS
Date of publication, distribution, etc 1959
300 ## - PHYSICAL DESCRIPTION
Extent 760
630 ## - SUBJECT ADDED ENTRY--UNIFORM TITLE
Uniform title ADVISE AND CONSENT
730 ## - ADDED ENTRY--UNIFORM TITLE
Uniform title ADVISE AND CONSENT
942 ## - ADDED ENTRY ELEMENTS (KOHA)
Koha item type Book
Holdings
Withdrawn status Lost status Damaged status Not for loan Home library Current library Date acquired Cost, normal purchase price Total Checkouts Full call number Barcode Date last seen Cost, replacement price Price effective from Koha item type Public note
        S.V. Pathak Library, Vile Parle S.V. Pathak Library, Vile Parle 07/09/1980 20.00   29605 SVPPARLE-29605 01/25/2010 20.00 01/25/2010 Book "7)रद्द, , General, Cancelled"